01469nam a22002057a 450000500170000000800410001702000180005804000070007604100080008308200210009110000180011224500220013026000280015230000260018036500600020652009280026665000230119465000260121770000200124320211030121008.0211030b ||||| |||| 00| 0 eng d a9780857524454 cAL aeng 223a823.92bHAWS aPaula Hawkins aSlow Fire Burning aLondonbDoubledayc2021 a297 p.bPBc23x15 cm. aBLCR-000062b₹559.20c₹d₹699.00e20%f04-10-2021 aFrom the author of global phenomena The Girl on the Train and Into the Water comes a fresh, propulsive new novel. This is the event publication everyone will be talking about in 2021. THE SCORCHING NEW THRILLER FROM THE AUTHOR OF THE GIRL ON THE TRAIN and INTO THE WATER 'What is wrong with you?' Laura has spent most of her life being judged. She's seen as hot-tempered, troubled, a loner. Some even call her dangerous. Miriam knows that just because Laura is witnessed leaving the scene of a horrific murder with blood on her clothes, that doesn't mean she's a killer. Bitter experience has taught her how easy it is to get caught in the wrong place at the wrong time. Carla is reeling from the brutal murder of her nephew. She trusts no one: good people are capable of terrible deeds. But how far will she go to find peace? Innocent or guilty, everyone is damaged. Some are damaged enough to kill. Look what you started. 2Crime and mystery  aThriller and suspense aHAWKINS (Paula)